LEADER 01095nam0-22003371i-450- 001 990000951850403321 005 20030908093011.0 035 $a000095185 035 $aFED01000095185 035 $a(Aleph)000095185FED01 035 $a000095185 100 $a20001205d--------km-y0itay50------ba 101 0 $aeng 200 1 $aContributions to the theory of Riemann surfaces$ecentennial Celebration of Riemann's Dissertation$fedited by L. Ahlfors ... [et al.] 205 $a2nd printing 210 $aPrinceton [N.J.]$cPrinceton University Press$d1957 225 1 $aAnnals of mathematics studies$v30 610 0 $aCalcolo delle variazioni 610 0 $aDifferenze finite 610 0 $aIntegrali di fourier 610 0 $aTrasformazioni di fourier e laplace 610 0 $aFunzioni di variabile complessa 676 $a517.4 700 1$aAhlfors,$bLars Valerian$021 801 0$aIT$bUNINA$gRICA$2UNIMARC 901 $aBK 912 $a990000951850403321 952 $a16-131$b823$fFI1 959 $aFI1 996 $aContributions to the theory of Riemann surfaces$9358049 997 $aUNINA